|
|
|
|
| LEADER |
00000nam a2200000 a 4500 |
| 001 |
UCW4318 |
| 003 |
CL-VaPUC |
| 005 |
20231108162504.0 |
| 008 |
891206e19790000CL |||||||||||||||||spa|d |
| 999 |
|
|
|c 218087
|d 218085
|
| 040 |
|
|
|c Pontificia Universidad Católica de Valparaíso
|
| 082 |
0 |
4 |
|a 460.202
|b MON
|2 21
|
| 100 |
|
|
|a Montes Brunet, Hugo
|e autor
|9 416030
|
| 245 |
1 |
0 |
|a Castellano: primer año de enseñanza media
|
| 250 |
|
|
|a 5a. ed
|
| 260 |
|
|
|a Santiago
|b Zig-Zag
|c 1979
|
| 300 |
|
|
|a 219 p
|
| 583 |
|
|
|a last modification
|c 19891206 00:00:00
|k Rodrigo Vera
|
| 650 |
|
0 |
|a Español
|9 255372
|
| 650 |
|
0 |
|a Libros de texto
|9 270019
|
| 650 |
|
7 |
|a LIBROS DE LECTURA
|2 CL-VaPUC
|9 309008
|
| 650 |
|
0 |
|a Educación media
|9 499610
|
| 700 |
|
|
|a Orlandi Araya, Julio
|e autor
|9 340607
|
| 700 |
0 |
|
|a Samaniego, José Luis
|e author
|9 309007
|
| 942 |
|
|
|c BK
|2 ddc
|
| 945 |
|
|
|d 19891206 00:00:00
|
| 952 |
|
|
|0 0
|1 0
|4 0
|6 460_202000000000000_MON_1979
|7 0
|8 P
|9 207013
|a BIBEDU
|b BIBEDU
|c BIBEDU_PB
|d 2019-11-15
|i 2747936
|o 460.202 MON 1979
|p 2747936
|r 2024-01-25
|w 2019-11-15
|y BK
|k EDU
|